000 00989cab a2200253 4500
001 WB3013-30
008 090401t1994 xxu||||| |||| 00| 0 eng d
035 _a(Sirsi) u16944
041 _aeng
245 _aVicarious liability
260 _c1994
350 _a0
490 _aEstates Gazette Case Summaries
_v(1994) EGCS 51(1) (26/3/94)
520 _a"Alliance & Leicester Building Society and others v Edgestop Ltd and others" ChD 9 March 1994. The court held that the firm of surveyors in this action, Hamptons, was vicariously liable for fraudulent valuations conducted by one of its staff, to the extent of the loss suffered by clients relying on that employee`s advice given in the firm`s authority.
650 _aEMPLOYERS LIABILITY
650 _aFRAUD
650 _aMORTGAGE FRAUD
650 _aMORTGAGE LENDERS
650 _aNEGLIGENCE
650 _aVALUERS
690 _aMANAGEMENT-BUSINESS MANAGEMENT-PROFESSIONAL PRACTICE
942 _n0
948 _c04/03/1997
999 _c11223
_d11223